Guns N' Roses Songs - Sudden Death - Statistics

General Stats
  • This quiz has been taken 242 times
  • The average score is 15 of 20
Answers on the Grid
Answers color-coded by a green-red scale on the quiz's grid according to % correct below.
Back Off Bitch
Bad Apples
Breed
Chinese Democracy
Civil War
Creep
Dead Horse
Don't Cry
Estranged
Fat Bottomed Girls
Iron Man
It's So Easy
Just
Knockin' On Heaven's Door
Korean Democracy
Lithium
Live And Let Die
Nightrain
November Rain
Numb
Paradise City
Patience
Queen Bitch
Rocket Queen
Save Me
Somewhere I Belong
Sweet Child O' Mine
The Garden
The Man Who Sold The World
Tie Your Mother Down
Welcome To The Jungle
Yesterdays
You Could Be Mine
 
Answer Stats
Answer % Correct
Sweet Child O' Mine
93%
Welcome To The Jungle
92%
Knockin' On Heaven's Door
90%
November Rain
90%
Paradise City
90%
Civil War
81%
Live And Let Die
80%
Don't Cry
79%
You Could Be Mine
76%
Nightrain
72%
Patience
72%
Chinese Democracy
70%
It's So Easy
69%
Rocket Queen
64%
Estranged
63%
Back Off Bitch
60%
Yesterdays
57%
Bad Apples
56%
Dead Horse
56%
The Garden
46%
No matching quizzes found
Score Distribution
Percent of People with Each Score
Percentile by Number Answered
Your Score History
You have not taken this quiz